[Event "Xtracon Invite Chess 2020"]
[Site "Vaerloese"]
[Date "2020.01.14"]
[Round "3.1"]
[White "Brunello, Sabino"]
[Black "Yankelevich, Lev"]
[Result "1/2-1/2"]
[WhiteElo "2536"]
[BlackElo "2483"]
[Annotator "TA"]
[PlyCount "63"]
[EventDate "2020.01.13"]
[EventType "tourn"]
[EventCountry "DEN"]
[SourceTitle "playchess.com"]
[Source "ChessBase"]
[SourceQuality "1"]

{[%evp 10,63,36,24,24,16,30,-12,7,1,11,11,24,-24,-20,-22,0,7,42,53,55,51,43,37,43,41,45,48,45,33,25,21,28,20,15,21,40,31,32,28,37,46,57,18,21,6,35,4,4,4,4,4,4,4,26,7]} 1. e4 e5 2. Nf3 Nc6 3. Bc4 Nf6 4. d3 h6 5. c3 d6 6. Bb3 g6 {C55: Two Knights: 4 d3, 4 d4 exd4 5 e5 and Max Lange Attack} 7. Nbd2 Bg7 8. Nf1 (8. Nc4 Be6 9. O-O O-O 10. Re1 Re8 11. a4 a5 12. h3 Qd7 13. Ne3 d5 14. exd5 Nxd5 {½-½ (44) Wan,Y (2499)-Yu,Y (2759) Hangzhou 2018}) 8... O-O {The position is equal.} 9. Ng3 Na5 10. Bc2 c5 11. h4 $146 ({Predecessor:} 11. O-O Nc6 12. h3 d5 13. Qe2 Re8 14. Ba4 {½-½ (91) Paehtz,E (2485)-Kosintseva,T (2483) Beijing 2014}) 11... h5 12. Bg5 Nc6 13. Bb3 Re8 14. Nf1 {[%cal Bg3f1,Bf1e3,Be3d5][%mdl 32]} Be6 15. Ne3 Qd7 16. Bxe6 Qxe6 17. Bxf6 Bxf6 18. Nd5 Bd8 19. Nd2 (19. a4 {is interesting.} Kg7 20. Ne3 Bc7 21. O-O f6 22. Nd5) 19... Ne7 20. Nxe7+ Bxe7 21. Nc4 d5 22. Ne3 dxe4 23. dxe4 c4 24. Qd5 Qxd5 25. Nxd5 {Hoping for Nc7.} Rac8 26. f3 f5 27. g4 Kf7 28. exf5 gxf5 29. g5 Red8 30. O-O-O Ke6 31. Nxe7 Kxe7 32. Rhe1 {Accuracy: White = 57%, Black = 63%.} 1/2-1/2

[Event "Xtracon Invite Chess 2020"]
[Site "Vaerloese"]
[Date "2020.01.14"]
[Round "3.2"]
[White "Berkes, Ferenc"]
[Black "Kristensen, Kaare Hove"]
[Result "1-0"]
[WhiteElo "2649"]
[BlackElo "2350"]
[Annotator "TA"]
[PlyCount "49"]
[EventDate "2020.01.13"]
[EventType "tourn"]
[EventCountry "DEN"]
[SourceTitle "playchess.com"]
[Source "ChessBase"]
[SourceQuality "1"]

{[%evp 9,49,4,9,0,0,-8,0,2,22,10,14,17,42,31,41,33,40,37,60,61,122,103,128,139,130,132,456,459,441,451,523,516,714,702,1227,1114,1045,918,916,906,827,793]} 1. d4 d5 2. Bf4 c5 3. e3 Nc6 4. c3 cxd4 5. exd4 f6 (5... Bf5 6. Nd2 e6 7. Ngf3 Bd6 8. Bxd6 Qxd6 9. Nh4 Bg6 10. g3 Nf6 11. Nxg6 hxg6 12. Bd3 O-O-O 13. Nf3 {½-½ (55) Duda,J (2758)-Artemiev,V (2731) Moscow 2019}) 6. Bg3 $146 {B13: Caro-Kann: Exchange Variation and Panov-Botvinnik Attack} ({Predecessor:} 6. Nf3 g5 7. Be3 Bf5 8. Nbd2 Qd7 9. Nb3 e6 10. Bd3 Bxd3 11. Qxd3 Bd6 12. a3 Nge7 13. c4 dxc4 14. Qxc4 {½-½ (77) Van Foreest,J (2614)-Kevlishvili,R (2451) Skopje 2018}) 6... Nh6 7. Nf3 g6 8. c4 {next cxd5 is good for White.The position is equal.} e6 9. Nc3 Nf5 10. Bd3 {Bxf5 is the strong threat.} Bb4 11. O-O $36 {[%mdl 2048] White fights for an advantage.} Nxg3 12. hxg3 O-O 13. Re1 e5 14. Qb3 Bxc3 (14... a5 $1 $14) 15. Qxc3 $16 Bg4 16. cxd5 Bxf3 17. dxc6 exd4 $2 {[%mdl 8192] [#]} (17... Bxc6 $16 18. dxe5 fxe5) 18. Qc4+ $18 {White is clearly winning.} Bd5 19. c7 Qd7 20. Qxd4 Qf7 21. Qc5 b6 22. Qd6 Bb7 23. Re7 Qd5 24. Qxd5+ {[%mdl 64] [#] Overworked Piece} Bxd5 25. Ba6 {Accuracy: White = 88%, Black = 26%.} 1-0

[Event "Xtracon Invite Chess 2020"]
[Site "Vaerloese"]
[Date "2020.01.14"]
[Round "3.3"]
[White "Thybo, Jesper Sondergaard"]
[Black "Olsen, Filip Boe"]
[Result "1-0"]
[WhiteElo "2579"]
[BlackElo "2353"]
[Annotator "TA"]
[PlyCount "73"]
[EventDate "2020.01.13"]
[EventType "tourn"]
[EventCountry "DEN"]
[SourceTitle "playchess.com"]
[Source "ChessBase"]
[SourceQuality "1"]

{[%evp 23,73,0,10,0,15,13,78,86,78,53,51,53,67,68,72,72,72,58,110,110,127,119,241,241,260,266,260,256,260,254,402,402,397,396,397,392,396,392,393,393,405,395,766,768,769,765,726,707,709,685,793,785]} 1. d4 Nf6 2. c4 e6 3. g3 c5 4. Nf3 cxd4 5. Nxd4 d5 6. Bg2 e5 7. Nf3 d4 8. O-O Nc6 9. e3 Be7 10. exd4 exd4 11. Bf4 O-O 12. Ne5 Qb6 13. Re1 {[#] Strongly threatening Nxc6. E01: Catalan: Early deviations} Be6 14. Nd2 {[%cal Bb1d2,Bd2b3,Bb3d4,Bd4f5][%mdl 32]} Nxe5 ({But not} 14... Qxb2 $6 15. Rb1 $16) (14... Rac8 $11 {keeps the balance.}) (14... Rfd8 15. Qb3 Qa6 16. Nxf7 Kxf7 17. Rxe6 Kxe6 18. c5+ Kd7 19. Bf1 d3 20. Bxd3 Nd4 21. Bxa6 Nxb3 {1-0 (40) Vidit,S (2718)-Tari,A (2630) Douglas 2019}) 15. Rxe5 $16 {White is better.} a6 16. Qb3 Qxb3 $146 ({Predecessor:} 16... Qa7 17. Qxb7 Ng4 18. Rxe6 fxe6 19. Qc6 e5 20. Qe6+ Rf7 {1-0 (29) Kvisvik,B (2313)-Prieto Aranguren,A (2211) Bilbao 2016}) 17. Nxb3 Nd7 18. Ree1 $36 {[%mdl 2048] White fights for an advantage.} g5 19. Bd2 ({Worse is} 19. Bxb7 Ra7 $17) 19... Bf6 20. Bxb7 Rab8 (20... Ra7 $14 21. Bd5 Bxd5 22. cxd5 Rb7) 21. Bxa6 Ne5 22. Nxd4 Bxc4 {[#]} (22... Rxb2 $16 23. Bxg5 Bxg5) 23. Bxg5 $1 $18 {[%mdl 512]} Bg7 (23... Bxg5 24. Rxe5) 24. Bxc4 Nxc4 25. Nf5 Bxb2 26. Rab1 {And now Bh6 would win.} f6 (26... Ne5 $142) 27. Bh6 Rfe8 28. Rxe8+ Rxe8 29. Ne3 Nxe3 30. Bxe3 {[%mdl 4096] Endgame KRB-KRB} ({Not} 30. Rxb2 Ng4 $18) 30... Ba3 31. Rb7 Rd8 32. Kg2 Ra8 $2 (32... Rd5 33. Ra7 Rd3) 33. Ra7 {White is clearly winning.} Rxa7 34. Bxa7 Kf7 35. Kf3 Ke6 36. Kg4 Kf7 37. Kf5 {Accuracy: White = 95%, Black = 30%.} 1-0

[Event "Xtracon Invite Chess 2020"]
[Site "Vaerloese"]
[Date "2020.01.14"]
[Round "3.4"]
[White "Antonsen, Mikkel"]
[Black "Hector, Jonny"]
[Result "1-0"]
[WhiteElo "2384"]
[BlackElo "2481"]
[Annotator "TA"]
[PlyCount "51"]
[EventDate "2020.01.13"]
[EventType "tourn"]
[EventCountry "DEN"]
[SourceTitle "playchess.com"]
[Source "ChessBase"]
[SourceQuality "1"]

{[%evp 15,83,27,32,23,34,17,13,21,19,11,13,10,24,15,29,0,0,0,13,12,0,0,22,-19,15,-79,46,45,120,73,80,68,208,68,233,239,235,141,224,240,426,427,560,558,554,556,501,188,315,220,174,184,178,175,477,508,489,478,2305,685,1504,665,1010,966,29967,6231,29987,29993,29993,29994]} 1. d4 d5 2. Nf3 Nf6 3. c4 c6 4. e3 Bf5 5. Nc3 e6 6. Nh4 Be4 7. f3 Bg6 8. Qb3 Qc7 9. Bd2 {D12: Slav Defence: 3 Nf3 Nf6 4 e3 Bf5} Be7 10. cxd5 cxd5 11. Nxg6 {The position is equal.} hxg6 12. O-O-O Nc6 13. Kb1 a6 14. Rc1 Rc8 15. g4 Nd7 16. f4 b5 17. Qd1 {[#]} Nb6 $146 ({Predecessor:} 17... f5 18. h4 Nb6 19. h5 Rb8 20. Qf3 b4 21. Nd1 Nc4 22. Bxc4 dxc4 23. hxg6 Rxh1 24. Qxh1 {½-½ (55) Seo,J (2347)-Hector,J (2499) Ronneby 2018}) 18. h4 Nc4 ({Much weaker is} 18... Rxh4 $6 19. Rxh4 Bxh4 20. g5 $16) 19. h5 {Black must now prevent Bxc4.} gxh5 20. f5 (20. gxh5 $11 {remains equal.} Rb8 21. f5 $1 {[%mdl 512]}) 20... Qd6 (20... h4 $17 21. Bxc4 bxc4) 21. fxe6 $14 fxe6 (21... Qxe6 $14 22. Bxc4 bxc4) 22. gxh5 N6a5 23. b3 Qb4 (23... Nxd2+ $14 24. Qxd2 Qb4) 24. Be1 (24. Bxc4 $1 $18 Nxc4 25. Be1) 24... Na3+ $2 ({Black should try} 24... Nxb3 $1 $14 25. Qxb3 Nxe3) 25. Ka1 $18 Qd6 26. Bd3 {Played: Nc3-e2} 1-0

[Event "Xtracon Invite Chess 2020"]
[Site "Vaerloese"]
[Date "2020.01.14"]
[Round "3.5"]
[White "Sveshnikov, Evgeny"]
[Black "Sylvan, Jacob"]
[Result "1-0"]
[WhiteElo "2481"]
[BlackElo "2325"]
[Annotator "TA"]
[PlyCount "125"]
[EventDate "2020.01.13"]
[EventType "tourn"]
[EventCountry "DEN"]
[SourceTitle "playchess.com"]
[Source "ChessBase"]
[SourceQuality "1"]

{[%evp 9,125,41,29,34,74,65,87,91,66,36,31,35,37,42,53,67,64,58,57,60,202,202,197,188,207,204,295,229,217,214,222,96,79,58,124,126,133,103,112,107,126,132,284,319,337,72,62,6,15,0,54,0,108,81,101,81,110,107,398,51,50,0,0,-1,-1,-205,0,0,0,0,10,19,17,5,27,19,15,0,0,0,0,0,0,3,0,0,0,0,14,0,52,54,326,0,0,0,702,997,1139,622,562,0,0,0,0,0,0,0,0,0,12846,12847,12847,12847,12848,12847,12850,12848]} 1. e4 c5 2. c3 g6 3. d4 cxd4 4. cxd4 d5 5. e5 Nh6 6. Nc3 {B22: Sicilian: 2 c3} (6. Nf3 Bg7 7. Bb5+ Nc6 8. O-O O-O 9. Bxc6 bxc6 10. Nbd2 f6 11. exf6 exf6 12. Nb3 g5 {½-½ (32) Potapov,P (2516)-Guseinov,G (2664) Skopje 2018}) 6... Bg7 7. Bf4 f6 $146 ({Predecessor:} 7... Nc6 8. Qd2 Nf5 9. Nf3 e6 10. g4 Nh4 11. Nxh4 Qxh4 12. h3 Qd8 13. Bg2 Qb6 {1-0 (53) Vlassov,N (2401)-Galichin,Y (2146) chess.com INT 2018}) 8. exf6 {White is better.} exf6 9. Bxb8 Rxb8 10. Bb5+ Kf7 11. Nge2 a6 12. Ba4 b5 13. Bb3 Bb7 14. O-O Qd6 (14... Re8 $14) 15. Ne4 $1 $18 {[%cal Re4d6]} Qb6 16. Nf4 Rhd8 17. Nc5 Nf5 (17... Kg8 {was called for.} 18. Re1 Kh8) 18. Re1 Bh6 19. Nfe6 Rd6 20. Nxb7 (20. g4 $18 Ng7 21. Nxb7 Rxe6 22. Nc5 (22. Bxd5 Rxb7 23. Qf3 Rd7 $11) 22... Rxe1+ 23. Qxe1) 20... Rxb7 $16 21. Nc5 Re7 (21... Rc7 $1 $14) 22. Rxe7+ Nxe7 23. Qd3 f5 24. Qh3 Bg7 25. Qxh7 Nc6 $2 (25... Qb8 $16) 26. Re1 $18 {Bxd5+! is the strong threat.} Qa5 {[%cal Ra5e1]} 27. Kf1 $2 (27. Re3 $18 {Hoping for Bxd5+!} Qd2 28. Nd3) 27... Qd2 $16 28. Nb7 ({White should try} 28. h4 $14) 28... Rd7 $1 $11 {next ...Qd3+ is good for Black.} 29. Nc5 Rd6 30. Rd1 (30. h4 $14) 30... Qf4 (30... Qxb2 $11 31. Qh4 Nxd4) 31. Nd3 Qxd4 32. Ne1 $1 Qe4 33. Nf3 $1 {[%cal Rf3g5]} Kf6 $2 {[%mdl 8192]} (33... Kf8 $16) 34. h4 $2 (34. Re1 $18 Qb4 35. h3) 34... Qe8 $1 $14 35. h5 gxh5 36. Nh4 ({Don't go for} 36. Bxd5 $2 Qd7 $19) 36... Ne7 37. Bc2 $2 (37. Re1 $11 Qh8 38. Qxh8 Bxh8 39. Rxe7 {[%mdl 64] Remove Defender, Decoy} Kxe7 40. Nxf5+ {[%mdl 64] Double Attack} Ke6 41. Nxd6 Kxd6 42. Bd1) 37... Qh8 $2 (37... Qc8 $1 $19 {[%cal Rc8c4]} 38. Bd3 Rd8 39. Nxf5 (39. Re1 $2 Rh8 $19) 39... Nxf5) 38. Bxf5 $11 Qxh7 39. Bxh7 Kf7 40. b3 Bf6 41. Nf3 d4 42. g3 Ng6 43. Ke2 Kg7 44. Bxg6 $1 Kxg6 {[%mdl 4096] Endgame KRB-KRN} 45. Kd3 Rc6 $1 46. Rd2 Kf5 47. Nxd4+ Bxd4 48. Kxd4 {KR-KR} Kg4 $1 49. Kd5 Rc8 (49... Rf6 $11) 50. Rd4+ Kf3 $2 {[%mdl 8192] [#]} (50... Kg5 $14) 51. Rf4+ $2 (51. Rh4 $1 $18) 51... Kg2 $1 52. a4 Rc3 $2 {[%mdl 8192]} (52... bxa4 $11 53. bxa4 Rc2) 53. axb5 $18 axb5 54. b4 Rc1 {[#]} 55. Rh4 $2 (55. Ke5 $1 $18 {[%cal Re5f5] Threatens to win with Kf5.} Rc2 56. Rf5) 55... Kxf2 $11 56. Rxh5 {aiming for Kd6.} Rc4 $1 57. Rh4 Rc1 58. Kd6 {Strongly threatening Rh5.} Rc4 $1 59. Ke5 {Threatening mate with Rxc4.} Rc1 $2 {[%mdl 8192]} (59... Ke3 $11) 60. Rd4 $18 {White is clearly winning.} Rb1 61. Kd6 Ke3 62. Rf4 Rg1 63. Rg4 {Accuracy: White = 45%, Black = 46%.} 1-0

[Event "Xtracon Invite Chess 2020"]
[Site "Vaerloese"]
[Date "2020.01.15"]
[Round "4.1"]
[White "Sylvan, Jacob"]
[Black "Berkes, Ferenc"]
[Result "0-1"]
[WhiteElo "2325"]
[BlackElo "2649"]
[Annotator "TA"]
[PlyCount "84"]
[EventDate "2020.01.13"]
[EventType "tourn"]
[EventCountry "DEN"]
[SourceTitle "playchess.com"]
[Source "ChessBase"]
[SourceQuality "1"]

{[%evp 11,84,43,42,45,53,20,28,19,32,22,64,72,66,54,60,62,47,24,31,-81,-72,-91,-93,-84,-84,-96,-91,-103,-114,-93,-93,-140,-143,-170,-157,-338,-325,-339,-338,-377,-391,-372,-363,-324,-257,-345,-337,-363,-362,-359,-354,-352,-318,-314,-272,-264,-273,-360,-350,-350,-366,-359,-352,-369,-374,-426,-420,-549,-604,-620,-620,-618,-436,-616,-602]} 1. c4 e5 2. g3 Nf6 3. Bg2 c6 4. Nf3 d6 5. O-O Nbd7 6. Nc3 Be7 7. e4 {A22: English Opening: 1...e5 2 Nc3 Nf6.} O-O 8. h3 {[#]} b5 $146 ({Predecessor:} 8... Re8 9. d3 Bf8 10. Ne1 g6 11. Kh2 Nh5 12. Ne2 Ndf6 13. f4 d5 14. cxd5 cxd5 15. fxe5 Rxe5 {½-½ (72) Verfuerth,T (2156)-Tomic,B (2463) Goch 2014}) 9. cxb5 {White has an edge.} cxb5 10. Nxb5 Rb8 11. Nc3 Ba6 12. d3 Nc5 13. Ne1 $1 Qd7 14. f4 Rfc8 15. f5 {[#]} (15. g4 $14 {keeps the upper hand.}) 15... d5 $1 $36 {[%mdl 2560] Keeping White busy.} 16. exd5 {[#]} (16. Nxd5 Nxd5) 16... e4 $1 17. dxe4 {And now Rf2 would win.} Bxf1 18. Kxf1 Bd6 19. Nd3 Bxg3 20. Nxc5 Rxc5 21. Qd3 Be5 22. Be3 Rcc8 23. Bd4 $2 (23. Rb1 $17) 23... Bxd4 $19 24. Qxd4 Rxb2 {Threatens to win with ...Qc7.} 25. Nd1 Qb5+ 26. Kg1 Rb4 27. Qe3 Rb1 28. Rxb1 Qxb1 {[%mdl 64] Double Attack} 29. Bf3 Rc1 (29... Qxa2 30. d6 $19) 30. Qd4 {If White can now play e5 this consolidates a bit.} Qb6 ({Don't take} 30... Qxa2 31. e5 $19) 31. Qxb6 axb6 {[%mdl 4096] Endgame KRN-KBN} 32. d6 {intending e5.} Nd7 33. Kf2 Rc6 34. Ne3 {next e5! is good for White.} Rxd6 35. Nd5 Kf8 36. Ke3 Rh6 37. Bg2 Rc6 38. Bf1 Nf6 39. Kd4 Nxd5 {Black is clearly winning.} 40. Kxd5 Rc1 41. Bc4 f6 42. a4 (42. h4 $142) 42... Ke7 {Accuracy: White = 50%, Black = 93%.} 0-1

[Event "Xtracon Invite Chess 2020"]
[Site "Vaerloese"]
[Date "2020.01.15"]
[Round "4.2"]
[White "Antonsen, Mikkel"]
[Black "Brunello, Sabino"]
[Result "1/2-1/2"]
[WhiteElo "2384"]
[BlackElo "2536"]
[Annotator "TA"]
[PlyCount "119"]
[EventDate "2020.01.13"]
[EventType "tourn"]
[EventCountry "DEN"]
[SourceTitle "playchess.com"]
[Source "ChessBase"]
[SourceQuality "1"]

{[%evp 13,119,25,20,4,29,27,29,28,30,33,30,28,65,58,60,63,54,40,38,49,60,67,71,78,67,77,83,43,33,0,0,0,0,0,0,0,0,-10,-8,-8,-22,-45,-35,-76,0,0,0,0,0,0,0,0,0,0,0,-8,-8,-18,0,-33,-29,-29,-29,-44,-29,-56,-56,-58,-36,-140,-95,-110,-8,-8,-8,-8,-8,-8,-8,-8,-8,-8,-8,-8,-8,-8,-8,-8,-8,-8,0,-8,0,0,0,-8,-8,-8,-8,-8,-8,-8,-8,-8,-8,-8,-8,-8]} 1. d4 d5 2. c4 c6 3. Nf3 Nf6 4. e3 Bf5 5. Nc3 e6 6. Nh4 Bg6 7. Nxg6 hxg6 8. Rb1 {D12: Slav Defence: 3 Nf3 Nf6 4 e3 Bf5} (8. Bd3 Nbd7 9. h3 Bd6 10. O-O dxc4 11. Bxc4 O-O 12. Qc2 c5 13. dxc5 Nxc5 14. Rd1 Qe7 15. Bd2 a6 16. Be2 {½-½ (32) Cheparinov,I (2687)-Artemiev,V (2731) Moscow 2019}) 8... Bd6 9. c5 Bc7 10. g3 {White has an edge.} e5 11. Bg2 Nbd7 $146 ({Predecessor:} 11... O-O 12. O-O Nbd7 13. b4 Re8 14. b5 exd4 15. exd4 Ne4 16. Nxe4 dxe4 17. bxc6 bxc6 {1-0 (46) Plazuelo Pascual,J (2227)-Aguilera Lopez,A (2044) Madrid 2016}) 12. O-O g5 13. b4 g4 14. e4 {[%cal Re4d5]} exd4 15. Qxd4 {[%cal Re4d5]} Be5 16. Qd3 {[%cal Re4d5]} d4 17. Ne2 a5 {next ...axb4 is good for Black.} 18. a3 axb4 19. axb4 Nf8 20. Bf4 Ng6 21. Bxe5 (21. Bd2 {is interesting.} Qd7 22. Rfd1 O-O 23. Bg5 Rfd8 24. Nc1) 21... Nxe5 22. Qxd4 Qxd4 23. Nxd4 g6 24. b5 {Black should prevent bxc6.} Nfd7 25. Ra1 Ke7 26. Rxa8 Rxa8 27. h3 Ra4 28. Ne2 Nf3+ (28... gxh3 $17 29. Bxh3 Rxe4 30. Bxd7 Nxd7) 29. Kh1 $1 $11 Nxc5 {Strongly threatening ...Nd2.} 30. bxc6 bxc6 31. hxg4 Nd2 32. Rd1 Ndxe4 33. Kg1 Ne6 34. Re1 Kd6 35. f4 f6 36. f5 gxf5 37. gxf5 N6g5 38. g4 c5 39. Nf4 Nd2 $1 {[%cal Rd2f3]} 40. Rd1 Rd4 41. Kh1 (41. Kf2 $1 $15) 41... Rxf4 42. Rxd2+ {[#]} Rd4 (42... Kc7 $1 $17 43. Rc2 Kb6) 43. Rxd4+ {The position is equal.} cxd4 {[%mdl 4096] Endgame KB-KN} 44. Kg1 Kc5 {Threatening ...Kc4.} 45. Kf2 Kc4 {White must now prevent ...Kd3.} 46. Ke2 Kc3 47. Bc6 $1 Nf7 {...Ne5! is the strong threat.} 48. Bb5 $1 Ne5 49. g5 $1 {[%cal Rg5g6]} fxg5 {aiming for ...d3+.} 50. f6 $1 Kc2 51. Ba6 Kc3 52. Bb5 Kb4 53. Be8 Kc3 54. Bb5 d3+ {[#]} 55. Bxd3 $1 {[%mdl 512]} Nxd3 56. f7 Nf4+ 57. Kf3 $132 {[%mdl 2048] White is not keeping still} Ne6 58. Kg4 Kd4 {[#]} 59. f8=Q $1 {[%mdl 512]} Nxf8 60. Kxg5 {Accuracy: White = 56%, Black = 59%.} 1/2-1/2

[Event "Xtracon Invite Chess 2020"]
[Site "Vaerloese"]
[Date "2020.01.15"]
[Round "4.3"]
[White "Yankelevich, Lev"]
[Black "Thybo, Jesper Sondergaard"]
[Result "1/2-1/2"]
[WhiteElo "2483"]
[BlackElo "2579"]
[Annotator "TA"]
[PlyCount "77"]
[EventDate "2020.01.13"]
[EventType "tourn"]
[EventCountry "DEN"]
[SourceTitle "playchess.com"]
[Source "ChessBase"]
[SourceQuality "1"]

{[%evp 9,77,22,14,0,0,5,9,10,21,16,43,21,29,20,27,31,18,17,12,16,12,15,20,15,17,14,17,0,0,0,0,0,0,0,0,0,0,0,0,0,0,0,0,0,0,0,0,0,0,0,0,0,0,0,0,0,0,0,0,0,0,0,0,0,0,0,0,0,0,0]} 1. d4 Nf6 2. c4 e6 3. Nf3 d5 4. Nc3 dxc4 5. e4 Bb4 6. Bxc4 {D24: Queen's Gambit Accepted: 3 Nf3 Nf6 4 Nc3} (6. Bg5 c5 7. Bxc4 cxd4 8. Nxd4 Bxc3+ 9. bxc3 Qa5 10. Bd2 O-O 11. Qe2 e5 12. Nb3 Qc7 13. O-O Bg4 14. f3 Rc8 15. Bd5 Nxd5 16. exd5 Bh5 17. c4 {1-0 (38) Carlsen,M (2845)-Aronian,L (2763) Karlsruhe/Baden Baden 2019}) 6... Nxe4 7. O-O Nf6 8. Qa4+ Nc6 9. Ne5 a5 10. d5 exd5 {[#]} 11. Nxd5 $146 {[%mdl 512]} ({Predecessor:} 11. Nxc6 bxc6 12. Nxd5 {1-0 (31) Svane,R (2583)-Meier,G (2644) Dresden 2017}) 11... Nxd5 12. Nxc6 bxc6 13. Qxc6+ {[%mdl 64] Double Attack. The position is equal.} Bd7 $1 {[%cal Rd7c6]} 14. Qxd5 {[%csl Gc4][%cal Rd5f7]} O-O 15. Bf4 Be6 16. Qxd8 Raxd8 17. Bxe6 fxe6 18. Be3 Bd2 19. Rfd1 Bxe3 20. fxe3 Kf7 21. Rxd8 Rxd8 $11 {[%mdl 4096] Endgame KR-KR} 22. Rc1 Kf6 23. Rc2 a4 24. Kf2 a3 25. bxa3 Rd3 26. Rxc7 Rxa3 27. Rc2 h5 28. Kf3 Kf5 29. h3 g5 30. g4+ hxg4+ 31. hxg4+ Ke5 32. Rb2 Ra4 33. Rh2 Kf6 34. Rh6+ Kf7 35. Rh2 Kf6 36. Rf2 Ke5 37. Rb2 Kf6 38. Rh2 Kf7 39. Rf2 {Accuracy: White = 75%, Black = 92%.} 1/2-1/2

[Event "Xtracon Invite Chess 2020"]
[Site "Vaerloese"]
[Date "2020.01.15"]
[Round "4.4"]
[White "Olsen, Filip Boe"]
[Black "Sveshnikov, Evgeny"]
[Result "0-1"]
[WhiteElo "2353"]
[BlackElo "2481"]
[Annotator "TA"]
[PlyCount "112"]
[EventDate "2020.01.13"]
[EventType "tourn"]
[EventCountry "DEN"]
[SourceTitle "playchess.com"]
[Source "ChessBase"]
[SourceQuality "1"]

{[%evp 16,112,0,0,24,9,99,99,108,18,15,15,15,15,14,10,14,0,0,-4,-4,-13,-21,-33,-39,-85,-88,-150,-158,-176,-177,-177,-173,-181,-179,-177,-174,-172,-185,-177,-167,-178,-180,-200,-191,-186,-183,-199,-199,-196,-191,-215,-212,-215,-210,-208,-158,-251,-250,-339,-336,-451,-435,-488,-464,-498,-494,-478,-481,-636,-630,-631,-622,-624,-614,-605,-595,-608,-608,-570,-554,-686,-677,-731,-723,-699,-684,-619,-600,-12845,-12845,-12847,-12846,-12846,-12847,-12847,-12847,-12848,-12847]} 1. c4 e6 2. d4 d5 3. Nc3 c6 4. e4 dxe4 5. Nxe4 Bb4+ 6. Bd2 Qxd4 7. Bxb4 Qxe4+ 8. Be2 Na6 9. Ba5 {[%csl Ga5][%cal Rd1d8]} f6 {D31: Queen's Gambit Declined: Semi-Slav without ...Nf6 (+ Marshall Gambit and Noteboom) and Exchange Variation lines without ...Nf6} 10. Nf3 e5 (10... b6 $11 {keeps the balance.} 11. Nd2 Qf5 12. Bh5+ (12. Bc3 Ne7 $11) 12... g6) 11. O-O $1 $16 Bg4 {White is better.} 12. Nxe5 $146 (12. Re1 $1 $16 Bxf3 13. Bxf3 Qxc4 14. Qd6 (14. Bh5+ g6 $11)) ({Predecessor:} 12. Rc1 Ne7 13. Re1 Qf5 14. Qb3 Qc8 15. h3 Be6 16. Qa3 c5 17. Nd2 {0-1 (31) Graf,A (2595)-Kapnisis,S (2412) Athens 2007}) 12... Qxe2 $11 13. Nxg4 Qxd1 14. Raxd1 {Black should prevent Rfe1+.} Ne7 15. Rfe1 b6 16. Rd6 Kf7 (16... bxa5 17. Rxc6 (17. Rde6 h5 $15) 17... Kd7 18. Rxa6 $11) 17. Bc3 $132 {[%mdl 2048] Black must now prevent Nh6+! White is not keeping still} Rhd8 18. Rde6 Rd7 19. h4 Nc5 20. Nxf6 Rc7 $1 ({Don't play} 20... gxf6 $6 21. Rxf6+ Kg8 22. Rf3 $11) 21. Rd6 (21. Ne4 $142 Nxe6 22. Nd6+ Kg8 23. Rxe6) 21... Nf5 $17 ({Much weaker is} 21... gxf6 22. Rxf6+ Kg8 23. Rf3 $11) 22. Nd5 cxd5 23. Rxd5 Nxh4 24. Rh5 {[#]} Ng6 $1 25. Rxh7 Kg8 26. Rh3 Na4 27. b3 Nxc3 28. Rxc3 Rd8 29. Rg3 Nf4 30. Rg4 Nd3 31. Re3 Rf7 32. f3 Rdd7 33. a3 Rf5 34. b4 Kf7 35. Rge4 a5 36. Re6 {[#]} (36. Re2 $17 {was worth a try.}) 36... Rf6 $1 $19 {[%cal Rf6e6]} 37. Rxf6+ gxf6 {[%mdl 4096] Endgame KRN-KR} 38. Re2 Rc7 {Black is clearly winning.} 39. Rd2 Ne5 40. bxa5 bxa5 41. Rd5 Nxc4 42. a4 Ra7 43. Rd4 Nb6 44. Rh4 {aiming for Rh7+.} Kg6 45. Rg4+ Kf5 46. Rh4 Ke6 47. Re4+ Kd6 48. g4 Rc7 49. Rf4 Nd5 50. Re4 Rb7 51. Kf2 Rb4 52. Rxb4 axb4 53. Ke2 Kc5 54. Kd2 Kb6 55. Kc2 Ka5 56. Kb3 Nf4 {Accuracy: White = 37%, Black = 81%.} 0-1